000 01010nam a22002297a 4500
005 20240530110446.0
008 150428s2008 ua f b 000 0 ara d
017 _a2008/5630
_bمصر . دار الكتب المصرية
020 _a9789774202714
040 _aEG-CaGPL
082 0 4 _221
_a953.09
_bق/ح ع
100 0 _aحسام محمد عبدالمعطى
245 1 2 _aالعائلة و الثروة :
_bالبيوت التجارية المغربية فى مصر العثمانية /
_cحسام محمد عبدالمعطى
260 _aالقاهرة :
_bالهيئة المصرية العامة للكتاب ،
_c2008 .
300 _a419 ص ؛
_c24 سم .
490 _aتاريخ المصريين ؛
_v275
504 _aيشتمل على ارجاعات ببليوجرافية
651 0 4 _aمصر
_xتاريخ
_yالعصر العثمانى
651 0 4 _aمصر
_xالاحوال الاقتصادية
_yالعصر العثمانى
942 _2ddc
_cBK
999 _c61160
_d61160